<?xml version="1.0" encoding="UTF-8"?>
<record
    xmlns:xsi="http://www.w3.org/2001/XMLSchema-instance"
    xsi:schemaLocation="http://www.loc.gov/MARC21/slim http://www.loc.gov/standards/marcxml/schema/MARC21slim.xsd"
    xmlns="http://www.loc.gov/MARC21/slim">

  <leader>02108    a2200169   4500</leader>
  <datafield tag="999" ind1=" " ind2=" ">
    <subfield code="c">26200</subfield>
    <subfield code="d">26200</subfield>
  </datafield>
  <controlfield tag="008">230425b           ||||| |||| 00| 0 eng d</controlfield>
  <datafield tag="020" ind1=" " ind2=" ">
    <subfield code="a">9789389633573</subfield>
  </datafield>
  <datafield tag="041" ind1="0" ind2=" ">
    <subfield code="a">eng</subfield>
  </datafield>
  <datafield tag="082" ind1="0" ind2="0">
    <subfield code="a">624.1710113</subfield>
    <subfield code="b">M2327</subfield>
  </datafield>
  <datafield tag="100" ind1=" " ind2=" ">
    <subfield code="a">Maity, Damodar </subfield>
  </datafield>
  <datafield tag="245" ind1=" " ind2=" ">
    <subfield code="a">Computer Analysis of Framed Structures /</subfield>
  </datafield>
  <datafield tag="260" ind1=" " ind2=" ">
    <subfield code="a">New Delhi:</subfield>
    <subfield code="b">I K International Publishing House Pvt. Ltd,</subfield>
    <subfield code="c">2019</subfield>
  </datafield>
  <datafield tag="300" ind1=" " ind2=" ">
    <subfield code="a">x, 237 p.</subfield>
  </datafield>
  <datafield tag="505" ind1="0" ind2=" ">
    <subfield code="a">Introduction : A Brief History of Structural Analysis *Computer Programs *Computational Flow for Structural Analysis Concepts on Computer
Analysis of Structures : Principles of Structural Analysis *Basic Steps in Computer Analysis *Structural Idealization *Degrees of Freedom *Types
of Structural Elements *Discretization of Structures *Loads *Supports *Types of Analysis Matrices Related to Structural Analysis: Introduction
*Matrix Definitions *Banded Matrix *Trace of a Matrix *Partitioning of a Matrix *Matrix Algebra *Matrix Inversion *Solution of Simultaneous
Equations *Conditioning of Matrices *Eigenvalues and Eigenvectors *Problems Flexibility Method: Introduction to Flexibility Method *Flexibility
Approach to Structural Problems *Element Flexibility Matrix *Global Flexibility Matrix *Properties of Flexibility Matrix *Flexibility Method *Worked
Out Examples *Problems Stiffness Method: Introduction to Stiffness Method *Steps for Stiffness Method *Local &amp; Global Coordinate Systems
*Transformation Matrices *Member Stiffness Matrix *Stiffness Transformation *Properties of Stiffness Matrix *Overall Stiffness Matrix *Boundary
Conditions *End Actions for Restrained Members *Equivalent Joint Load *Rearrangement of Stiffness and Load Arrays *Calculation of Results
*Analysis of Plane Truss *Analysis of Continuous Beam *Analysis of Plane Frame *Analysis of Grid *Analysis of Space Frame *Comparison
between flexibility and stiffness methods *Choice of the method of analysis *Problems Computer Analysis of Framed Structures : Computer
Programming for Analysis of framed Structures *Computer Input - Output</subfield>
  </datafield>
  <datafield tag="650" ind1=" " ind2="0">
    <subfield code="a">Structural Analysis</subfield>
  </datafield>
  <datafield tag="942" ind1=" " ind2=" ">
    <subfield code="2">ddc</subfield>
    <subfield code="c">BK</subfield>
  </datafield>
  <datafield tag="952" ind1=" " ind2=" ">
    <subfield code="0">0</subfield>
    <subfield code="1">0</subfield>
    <subfield code="2">ddc</subfield>
    <subfield code="4">0</subfield>
    <subfield code="6">624_171011300000000_M2327</subfield>
    <subfield code="7">0</subfield>
    <subfield code="9">50632</subfield>
    <subfield code="a">CL</subfield>
    <subfield code="b">CL</subfield>
    <subfield code="c">REF</subfield>
    <subfield code="d">2023-04-25</subfield>
    <subfield code="e">24</subfield>
    <subfield code="g">277.50</subfield>
    <subfield code="o">624.1710113 M2327</subfield>
    <subfield code="p">13842</subfield>
    <subfield code="r">2023-04-25</subfield>
    <subfield code="v">375.00</subfield>
    <subfield code="y">BK</subfield>
  </datafield>
  <datafield tag="952" ind1=" " ind2=" ">
    <subfield code="0">0</subfield>
    <subfield code="1">0</subfield>
    <subfield code="2">ddc</subfield>
    <subfield code="4">0</subfield>
    <subfield code="6">624_171011300000000_M2327</subfield>
    <subfield code="7">0</subfield>
    <subfield code="9">50633</subfield>
    <subfield code="a">CL</subfield>
    <subfield code="b">CL</subfield>
    <subfield code="d">2023-04-25</subfield>
    <subfield code="e">24</subfield>
    <subfield code="g">277.50</subfield>
    <subfield code="o">624.1710113 M2327</subfield>
    <subfield code="p">13843</subfield>
    <subfield code="r">2023-04-25</subfield>
    <subfield code="v">375.00</subfield>
    <subfield code="y">BK</subfield>
  </datafield>
</record>
